<?xml version="1.0" encoding="UTF-8"?>
<collection xmlns="http://www.loc.gov/MARC21/slim">
  <record>
    <leader>00000nam  2200000   4500</leader>
    <controlfield tag="001">INLIS000000000009064</controlfield>
    <controlfield tag="005">20200824100732</controlfield>
    <datafield tag="035" ind1="#" ind2="#">
      <subfield code="a">0010-0820000052</subfield>
    </datafield>
    <datafield tag="245" ind1="1" ind2="#">
      <subfield code="a">Optimalisasi Peran Dosen Sebagai Katalisator Dalam Meningkatkan Kompetensi Mahasiswa Program Studi Manajemen Universitas Borneo Tarakan /</subfield>
      <subfield code="c">Aan Digita Malik, S.E., M.Ak</subfield>
    </datafield>
    <datafield tag="100" ind1="1" ind2="#">
      <subfield code="a">MALIK, Aan Digita</subfield>
    </datafield>
    <datafield tag="250" ind1="#" ind2="#">
      <subfield code="a">1</subfield>
    </datafield>
    <datafield tag="300" ind1="#" ind2="#">
      <subfield code="a">viii, 57 halaman ; lampiran :</subfield>
      <subfield code="b">ilustrasi ;</subfield>
      <subfield code="c">30 cm</subfield>
    </datafield>
    <datafield tag="260" ind1="#" ind2="#">
      <subfield code="a">Samarinda :</subfield>
      <subfield code="b">Puslatbang KDOD,</subfield>
      <subfield code="c">2020</subfield>
    </datafield>
    <datafield tag="084" ind1="#" ind2="#">
      <subfield code="a">LATSAR 376 2020</subfield>
    </datafield>
    <datafield tag="650" ind1="#" ind2="#">
      <subfield code="a">Pendidikan Tinggi</subfield>
    </datafield>
    <datafield tag="650" ind1="#" ind2="#">
      <subfield code="a">kompetensi siswa</subfield>
    </datafield>
    <datafield tag="650" ind1="#" ind2="#">
      <subfield code="a">peran pendidik</subfield>
    </datafield>
    <datafield tag="500" ind1="#" ind2="#">
      <subfield code="a">Coach : IKA RETNA NINGRUM, S.Pd.MPP&#13;
Penguji : Rusma Dwiyana, S.H., M.Hum&#13;
Mentor : Ahmad Juliana, P.hD</subfield>
    </datafield>
  </record>
</collection>
